[Event "POL-ch U20"]
[Site "Pokrzywna"]
[Date "2020.12.06"]
[Round "9"]
[White "Bojczewski, Mateusz"]
[Black "Zimny, Jakub"]
[Result "1-0"]
[WhiteElo "1960"]
[BlackElo "1569"]
[PlyCount "69"]
[EventDate "2020.11.30"]
[EventType "swiss"]
[EventRounds "9"]
[EventCountry "POL"]
[SourceTitle "CBM 199 Extra"]
[Source "ChessBase"]
[SourceDate "2021.01.31"]
[SourceVersion "1"]
[SourceVersionDate "2021.01.31"]
[SourceQuality "1"]

1. e4 c5 2. Nf3 e6 3. d4 cxd4 4. Nxd4 Nc6 5. Nc3 Nf6 6. Ndb5 Bb4 7. a3 Bxc3+ 8. Nxc3 d5 9. exd5 exd5 10. Bd3 0-0 11. 0-0 d4 12. Ne2 Bg4 13. f3 Bh5 14. Bg5 Qd6 15. Qe1 Bg6 16. Rd1 Nd7 17. Qf2 Bxd3 18. Rxd3 Nc5 19. Rd2 Qg6 20. Bh4 Ne6 21. Rfd1 Qf5 22. Qf1 g5 23. Bf2 Rad8 24. Ng3 Qe5 25. Qe2 Qa5 26. Qe4 Rd5 27. b4 Qd8 28. Nf5 Re8 29. c4 Re5 30. Qb1 Nf4 31. b5 Ne2+ 32. Rxe2 Rxe2 33. bxc6 Qb8 34. Nxd4 R2e7 35. Bg3 1-0